| 000 | 01283nam a2200181Ia 4500 | ||
|---|---|---|---|
| 008 | 090630s9999 xx 000 0 und d | ||
| 082 | _b27820 | ||
| 100 | _aचौधरी दत्तात्रय हरी /चौधरी राजेश अशोक. | ||
| 245 |
_aमुंबई ग्रामपंचायत अधिनियम (1959 चा मुंबई क्र 3) आणि त्या खालील नियम. _cचौधरी दत्तात्रय हरी /चौधरी राजेश अशोक. |
||
| 260 |
_bचौधरी लॉ पब्लि. - जळगाव. _c2006 |
||
| 300 | _a672 | ||
| 600 | _aचौधरी दत्तात्रय हरी /चौधरी राजेश अशोक. | ||
| 630 | _aमुंबई ग्रामपंचायत अधिनियम (1959 चा मुंबई क्र 3) आणि त्या खालील नियम. | ||
| 655 | _aइतर. | ||
| 700 | _aचौधरी दत्तात्रय हरी /चौधरी राजेश अशोक. | ||
| 730 | _aमुंबई ग्रामपंचायत अधिनियम (1959 चा मुंबई क्र 3) आणि त्या खालील नियम. | ||
| 942 | _cBOOK | ||
| 999 |
_c279676 _d279676 |
||